[Event "V. Art Pub Kupa"]
[Site "?"]
[Date "2014.08.07"]
[Round "1.1"]
[White "Juhasz, Mark"]
[Black "Szurkos, Andras"]
[Result "1-0"]
[WhiteElo "2210"]
[BlackElo "1775"]
[PlyCount "117"]
[EventDate "2014.08.07"]
[SourceDate "2014.08.07"]

1. Nf3 Nc6 2. g3 e5 3. d3 d5 4. Bg2 e4 5. Nfd2 f5 6. c4 dxc4 7. dxe4 fxe4 8.
Bxe4 Bh3 9. Qa4 Qd7 10. Nc3 Bd6 11. Nxc4 Nge7 12. Nxd6+ cxd6 13. Bf4 Ng6 14.
Bxg6+ hxg6 15. O-O-O O-O 16. Rxd6 Qf7 17. Qb5 Rac8 18. Rhd1 Bf5 19. f3 a5 20.
e4 Be6 21. Kb1 Bc4 22. Qa4 b5 23. Nxb5 Bxb5 24. Qxb5 Nb4 25. Qa4 Qc4 26. Qb3
Qxb3 27. axb3 g5 28. Bxg5 Rxf3 29. Rd8+ Rxd8 30. Bxd8 Rxb3 31. Bxa5 Nc6 32. Bc3
Rb7 33. Rf1 Re7 34. e5 Kh7 35. Kc2 Re6 36. b4 Kg6 37. Kb3 Kg5 38. Rf4 Ne7 39.
Rf7 Kg6 40. Rf1 Nd5 41. Bd4 Ne7 42. Kc4 Rc6+ 43. Bc5 Nf5 44. Kd5 Rc8 45. g4
Rd8+ 46. Kc6 Nh6 47. e6 Nxg4 48. Rg1 Kf5 49. Rxg4 Kxg4 50. e7 Rb8 51. Kc7 Rh8
52. Kd7 Kh3 53. e8=Q Rxe8 54. Kxe8 Kxh2 55. b5 g5 56. b6 g4 57. b7 g3 58. b8=Q
Kh1 59. Qb1+ 1-0

[Event "V. Art Pub Kupa"]
[Site "?"]
[Date "2014.08.07"]
[Round "1.2"]
[White "Farkas, Janos"]
[Black "Kovacs, Istvan"]
[Result "0-1"]
[WhiteElo "1769"]
[BlackElo "2209"]
[PlyCount "58"]
[EventDate "2014.08.07"]
[SourceDate "2014.08.07"]

1. e4 c5 2. Nf3 e6 3. d4 cxd4 4. Nxd4 Nf6 5. Bd3 Nc6 6. Nxc6 bxc6 7. O-O d5 8.
e5 Nd7 9. Re1 Qc7 10. Bf4 Nc5 11. Bf1 Rb8 12. b3 Ne4 13. Nd2 f5 14. Nxe4 fxe4
15. f3 Bb4 16. fxe4 Bxe1 17. Qxe1 O-O 18. Bg3 Rf7 19. exd5 cxd5 20. Bd3 Ba6 21.
c4 dxc4 22. bxc4 Bxc4 23. Bxc4 Qxc4 24. Rc1 Qxa2 25. Qe4 Rbf8 26. h3 Qa3 27.
Qc4 Qxg3 28. Qc5 Rf2 29. Qc6 Rxg2+ 0-1

[Event "V. Art Pub Kupa"]
[Site "?"]
[Date "2014.08.07"]
[Round "1.3"]
[White "Kovacs, David"]
[Black "Csatho, Gabor"]
[Result "1-0"]
[WhiteElo "2201"]
[BlackElo "1766"]
[PlyCount "73"]
[EventDate "2014.08.07"]
[SourceDate "2014.08.07"]

1. e4 e5 2. Nf3 Nc6 3. Bb5 a6 4. Ba4 Nf6 5. Qe2 b5 6. Bb3 Be7 7. c3 d6 8. d4
O-O 9. O-O exd4 10. cxd4 d5 11. e5 Ne4 12. Nc3 Nxc3 13. bxc3 Na5 14. Bc2 f5 15.
exf6 Bxf6 16. Ne5 Bxe5 17. Qxe5 Nc4 18. Qh5 g6 19. Qh6 Bf5 20. Bb3 Bd3 21. Re1
Qf6 22. f3 Qd6 23. Qh4 Rae8 24. Bh6 Rxe1+ 25. Rxe1 Qd8 26. Bg5 Qc8 27. Re7 h5
28. Bh6 Rf7 29. Rxf7 Kxf7 30. Qf4+ Ke8 31. Bxc4 dxc4 32. Qe5+ Kd7 33. Bf4 Qb7
34. Qg7+ Kc6 35. Qf6+ Kd7 36. Qf7+ Kc6 37. Qe6# 1-0

[Event "V. Art Pub Kupa"]
[Site "?"]
[Date "2014.08.07"]
[Round "1.4"]
[White "Lakat, Gyula"]
[Black "Halak, Miklos"]
[Result "0-1"]
[WhiteElo "1756"]
[BlackElo "2197"]
[PlyCount "70"]
[EventDate "2014.08.07"]
[SourceDate "2014.08.07"]

1. d4 d5 2. Nf3 c6 3. g3 Bf5 4. Bg2 h6 5. O-O e6 6. Nc3 Nf6 7. Re1 Be7 8. Bf4
O-O 9. Nd2 Qb6 10. Nb3 a5 11. Rb1 a4 12. Nc1 c5 13. e3 Nc6 14. N1e2 Nd7 15. h3
Bf6 16. g4 Bh7 17. Bd6 Rfc8 18. dxc5 Nxc5 19. Bxc5 Qxc5 20. a3 Rd8 21. Qd2 Ne5
22. Rec1 Nc4 23. Qe1 b5 24. Nd4 Rab8 25. Bf1 Bxd4 26. exd4 Qxd4 27. Bxc4 Qxc4
28. b3 Qc6 29. Na2 d4 30. Nb4 Qf3 31. Qf1 Be4 32. Kh2 Rbc8 33. Nd3 Rxc2 34.
Rxc2 Bxd3 35. Qc1 Be4 0-1

[Event "V. Art Pub Kupa"]
[Site "?"]
[Date "2014.08.07"]
[Round "1.5"]
[White "Teglas, Balazs"]
[Black "Lengyel, Andrea"]
[Result "1-0"]
[WhiteElo "2182"]
[BlackElo "1748"]
[PlyCount "81"]
[EventDate "2014.08.07"]
[SourceDate "2014.08.07"]

1. e4 c5 2. c3 d5 3. exd5 Qxd5 4. d4 Nc6 5. Nf3 Bg4 6. Be2 Nf6 7. dxc5 Qxc5 8.
Be3 Qd5 9. Na3 a6 10. Qa4 Qd7 11. Rd1 Qc8 12. Qf4 b5 13. h3 Bd7 14. c4 b4 15.
Nc2 e6 16. O-O Be7 17. Ncd4 Nh5 18. Qh2 Qb8 19. Nxc6 Qxh2+ 20. Nxh2 Bxc6 21.
Bxh5 O-O 22. Bf3 Rac8 23. Bxc6 Rxc6 24. b3 a5 25. Rd7 Bc5 26. Bxc5 Rxc5 27.
Rfd1 a4 28. Rb7 axb3 29. axb3 h6 30. Nf3 Rcc8 31. Rxb4 Rb8 32. Rxb8 Rxb8 33.
Rb1 f6 34. b4 Kf7 35. b5 e5 36. c5 Ke6 37. c6 Kd6 38. Nh4 Kc7 39. Nf5 g6 40.
Ne7 g5 41. b6+ 1-0

[Event "V. Art Pub Kupa"]
[Site "?"]
[Date "2014.08.07"]
[Round "1.6"]
[White "Persanyi, Barnabas"]
[Black "Kormos, Adam"]
[Result "0-1"]
[WhiteElo "1737"]
[BlackElo "2144"]
[PlyCount "80"]
[EventDate "2014.08.07"]
[SourceDate "2014.08.07"]

1. e4 c5 2. Nf3 d6 3. Bb5+ Bd7 4. Bxd7+ Qxd7 5. c4 Nc6 6. O-O g6 7. d4 cxd4 8.
Nxd4 Bg7 9. Be3 Ne5 10. b3 Nf6 11. f3 h5 12. Nc3 h4 13. h3 Nh5 14. Nde2 Ng3 15.
Nxg3 hxg3 16. f4 Nc6 17. Rc1 Rxh3 18. gxh3 Qxh3 19. Qe2 g2 20. Qxg2 Qxe3+ 21.
Qf2 Bd4 22. Qxe3 Bxe3+ 23. Kg2 Bxc1 24. Rxc1 Kd7 25. Rd1 Ke6 26. Nd5 Rg8 27.
Rh1 g5 28. f5+ Ke5 29. Rh7 e6 30. Nc3 exf5 31. exf5 Rf8 32. Rh6 Nd4 33. f6 Nf5
34. Rh5 Kxf6 35. Ne4+ Ke5 36. Nxg5 f6 37. Nf3+ Kf4 38. Nh4 Rg8+ 39. Kf2 Ne3 40.
Rh6 Ng4+ 0-1

[Event "V. Art Pub Kupa"]
[Site "?"]
[Date "2014.08.07"]
[Round "1.7"]
[White "Nominerdene, Davaademberel"]
[Black "Tamasi, Zoltan"]
[Result "1-0"]
[WhiteElo "2095"]
[BlackElo "1736"]
[PlyCount "47"]
[EventDate "2014.08.07"]
[SourceDate "2014.08.07"]

1. e4 e5 2. Nf3 Nc6 3. Bb5 a6 4. Ba4 Nf6 5. O-O b5 6. Bb3 Bc5 7. c3 O-O 8. d4
Be7 9. dxe5 Nxe4 10. Bd5 Ng5 11. Nd4 Bb7 12. f4 Ne6 13. f5 Nexd4 14. cxd4 Bg5
15. Nc3 Bxc1 16. Rxc1 Rb8 17. Qg4 Nb4 18. Bxb7 Rxb7 19. f6 g6 20. Qg5 Kh8 21.
Rf3 Rg8 22. Rh3 Qf8 23. Qh4 h5 24. Qxh5+ 1-0

[Event "V. Art Pub Kupa"]
[Site "?"]
[Date "2014.08.07"]
[Round "1.8"]
[White "Berki, Zsofi Anna"]
[Black "Repasi, Zoltan Sr"]
[Result "0-1"]
[WhiteElo "1710"]
[BlackElo "2090"]
[PlyCount "88"]
[EventDate "2014.08.07"]
[SourceDate "2014.08.07"]

1. d4 Nf6 2. e3 d6 3. Nf3 Bg4 4. Be2 Nbd7 5. Nbd2 c6 6. b3 Qc7 7. Bb2 d5 8. Bd3
e6 9. c4 Bh5 10. Qc2 Bg6 11. Ne5 Nxe5 12. dxe5 Ng4 13. Nf3 Bb4+ 14. Bc3 Bxc3+
15. Qxc3 Bxd3 16. Qxd3 Nxe5 17. Nxe5 Qxe5 18. O-O Rd8 19. Rad1 O-O 20. Qd4 Qxd4
21. exd4 dxc4 22. bxc4 Rd7 23. Rd2 Rfd8 24. Rfd1 Kf8 25. f4 Ke7 26. Kf2 c5 27.
d5 exd5 28. cxd5 Kd6 29. Rc1 Re8 30. Kf3 Rde7 31. Rc3 f5 32. Ra3 b6 33. h3 c4
34. Ra4 Rc8 35. Rd4 c3 36. Rac4 Rec7 37. Rc6+ Rxc6 38. dxc6+ Kxc6 39. Rc4+ Kb7
40. Rxc8 Kxc8 41. Ke3 b5 42. a3 a5 43. Kd3 b4 44. Kc2 Kc7 0-1

[Event "V. Art Pub Kupa"]
[Site "?"]
[Date "2014.08.07"]
[Round "1.9"]
[White "Juhasz, Bela"]
[Black "Ronai, Akos Balazs"]
[Result "1-0"]
[WhiteElo "2087"]
[BlackElo "1702"]
[PlyCount "69"]
[EventDate "2014.08.07"]
[SourceDate "2014.08.07"]

1. d4 d5 2. Nf3 Nf6 3. c4 e6 4. Nc3 c6 5. e3 Nbd7 6. Qc2 Bd6 7. Bd3 dxc4 8.
Bxc4 b5 9. Bd3 a6 10. a4 b4 11. Ne4 Nxe4 12. Bxe4 Bb7 13. O-O O-O 14. Bxh7+ Kh8
15. Bd3 c5 16. Be4 b3 17. Qd3 c4 18. Qb1 Qc7 19. Bxb7 Qxb7 20. e4 e5 21. Be3 f5
22. exf5 e4 23. Nh4 Rf7 24. Qd1 Qd5 25. Rc1 Nb6 26. g4 Nxa4 27. g5 Rxf5 28.
Nxf5 Qxf5 29. Qh5+ Kg8 30. Rxc4 Nxb2 31. Rc6 Qe6 32. Bf4 Nc4 33. g6 Qf6 34.
Qd5+ Kh8 35. Rxd6 1-0

[Event "V. Art Pub Kupa"]
[Site "?"]
[Date "2014.08.07"]
[Round "1.10"]
[White "Jurak, Miklosne"]
[Black "Cvetanovic, Damjan"]
[Result "0-1"]
[WhiteElo "1691"]
[BlackElo "2078"]
[PlyCount "60"]
[EventDate "2014.08.07"]
[SourceDate "2014.08.07"]

1. e4 e6 2. d4 d5 3. e5 c5 4. Nf3 Nc6 5. a3 cxd4 6. Bd3 Nge7 7. O-O Ng6 8. Re1
Qc7 9. Bb5 Bd7 10. Bxc6 bxc6 11. Qxd4 c5 12. Qc3 a5 13. a4 c4 14. Qd2 Bc5 15.
c3 O-O 16. Qg5 f6 17. exf6 Rxf6 18. Be3 Be7 19. Qh5 Rb8 20. Ng5 h6 21. Bd4 e5
22. Nf3 exd4 23. Qxd5+ Kh7 24. Qxd4 Rxb2 25. Rxe7 Nxe7 26. Nbd2 Qb7 27. Ne5 Be6
28. Qe4+ Qxe4 29. Nxe4 Rf8 30. f3 Rfb8 0-1

[Event "V. Art Pub Kupa"]
[Site "?"]
[Date "2014.08.07"]
[Round "1.11"]
[White "Schubert, Gyula"]
[Black "Kovacs, Gabor Etele"]
[Result "1-0"]
[WhiteElo "2033"]
[BlackElo "1662"]
[PlyCount "195"]
[EventDate "2014.08.07"]
[SourceDate "2014.08.07"]

1. d4 d5 2. Nf3 c5 3. e3 Nc6 4. c3 e6 5. Bd3 Nf6 6. Nbd2 Bd6 7. O-O O-O 8. dxc5
Bxc5 9. Re1 e5 10. e4 Ng4 11. Rf1 Nf6 12. Qe2 Bg4 13. h3 Bh5 14. exd5 Nxd5 15.
Ne4 Bb6 16. Ng3 Bxf3 17. Qxf3 Nde7 18. Rd1 Qc7 19. Be3 Bxe3 20. Qxe3 f5 21. Qc5
Rae8 22. Bc4+ Kh8 23. Qd6 Qxd6 24. Rxd6 Rd8 25. Rad1 Rxd6 26. Rxd6 Rd8 27.
Rxd8+ Nxd8 28. b4 g6 29. Ne2 Kg7 30. Kf1 Kf6 31. Ke1 Ndc6 32. Kd2 e4 33. Ke3
Ke5 34. g3 g5 35. f4+ exf3 36. Kxf3 h5 37. Bf7 h4 38. gxh4 gxh4 39. Nf4 Kf6 40.
Be8 Kg5 41. Ne6+ Kf6 42. Nf4 Kg5 43. Ne6+ Kf6 44. Nc5 b6 45. Nd3 Kg5 46. a3 Nd8
47. Nf4 Ndc6 48. Ke3 Ne5 49. Bb5 Nc8 50. Ne6+ Kf6 51. Nd4 Nd6 52. Be2 Ndc4+ 53.
Bxc4 Nxc4+ 54. Kf4 Nxa3 55. Nxf5 a5 56. bxa5 bxa5 57. Ne3 a4 58. Nd5+ Kg6 59.
Nb6 Kh5 60. Nxa4 Nc4 61. Nc5 Nb6 62. Ne4 Nd5+ 63. Ke5 Nb6 64. Nd6 Kg5 65. c4
Nd7+ 66. Ke4 Nf6+ 67. Kf3 Nd7 68. Ne4+ Kf5 69. c5 Ne5+ 70. Ke3 Nc6 71. Nd2 Kg5
72. Nf3+ Kh5 73. Ke4 Nb4 74. Ne5 Kg5 75. c6 Na6 76. Nf3+ Kh5 77. Kd5 Nc7+ 78.
Kd6 Na8 79. c7 Nb6 80. Kc6 Nc8 81. Kb7 Nd6+ 82. Kb8 Kg6 83. c8=Q Nxc8 84. Kxc8
Kf5 85. Nxh4+ Kf4 86. Ng2+ Kg3 87. h4 Kg4 88. Kd7 Kh5 89. Ke6 Kg6 90. Nf4+ Kh6
91. Kf6 Kh7 92. Kg5 Kg7 93. h5 Kg8 94. Kg6 Kh8 95. Ne6 Kg8 96. Ng5 Kh8 97. h6
Kg8 98. h7+ 1-0

[Event "V. Art Pub Kupa"]
[Site "?"]
[Date "2014.08.07"]
[Round "1.13"]
[White "Terbe, Julianna"]
[Black "Pinter, Tamas"]
[Result "1-0"]
[WhiteElo "2030"]
[BlackElo "1630"]
[PlyCount "77"]
[EventDate "2014.08.07"]
[SourceDate "2014.08.07"]

1. e4 c5 2. c3 d6 3. d4 cxd4 4. cxd4 g6 5. Nc3 Bg7 6. h3 e6 7. Nf3 Ne7 8. Be2
O-O 9. O-O a6 10. a4 Nbc6 11. Be3 Bd7 12. Qd2 Na5 13. Rad1 Rc8 14. Qc2 b5 15.
axb5 axb5 16. b4 Nc4 17. Bxc4 Rxc4 18. Qb3 Qb8 19. Nd2 Rc7 20. Ne2 Rfc8 21. Ra1
Nc6 22. Ra6 Ra7 23. Rfa1 Rxa6 24. Rxa6 Qb7 25. Qa3 Qc7 26. Nf3 h6 27. Ng3 Bf8
28. d5 Ne5 29. Nxe5 dxe5 30. Ra7 Qd8 31. Bc5 exd5 32. exd5 Bxc5 33. bxc5 Bf5
34. Nxf5 gxf5 35. Qg3+ Qg5 36. Qxg5+ hxg5 37. d6 Kf8 38. d7 Rd8 39. c6 1-0

[Event "V. Art Pub Kupa"]
[Site "?"]
[Date "2014.08.07"]
[Round "1.14"]
[White "Gorog, Almos"]
[Black "Bohus, Adam"]
[Result "0-1"]
[WhiteElo "1627"]
[BlackElo "2029"]
[PlyCount "98"]
[EventDate "2014.08.07"]
[SourceDate "2014.08.07"]

1. Nf3 d5 2. c4 c6 3. g3 Nf6 4. Bg2 g6 5. d4 Bg7 6. O-O O-O 7. Nc3 dxc4 8. e4
Bg4 9. h3 Bxf3 10. Bxf3 e5 11. Be3 Nfd7 12. d5 Nb6 13. Qe2 cxd5 14. Bxb6 axb6
15. Nxd5 b5 16. a4 Nc6 17. Bg2 Nd4 18. Qd1 Nb3 19. Ra2 Rxa4 20. Rxa4 bxa4 21.
Nc3 Qa8 22. Qd5 Rd8 23. Qb5 a3 24. bxa3 Qxa3 25. Qxc4 Nd4 26. Rb1 Qxc3 27. Qxc3
Ne2+ 28. Kh2 Nxc3 29. Rxb7 Rd4 30. f3 Rd1 31. Rb3 Nb1 32. Rb8+ Bf8 33. Re8 f6
34. f4 Kf7 35. Rb8 Nd2 36. fxe5 fxe5 37. Rb5 Nf1+ 38. Bxf1 Rxf1 39. Kg2 Ra1 40.
Rxe5 Ra2+ 41. Kf1 Ra3 42. Kg2 Rxg3+ 43. Kh2 Bd6 44. Rd5 Rd3+ 45. Kg2 Rxd5 46.
exd5 Kf6 47. Kf3 Ke5 48. Kg4 Be7 49. h4 Bxh4 0-1

[Event "V. Art Pub Kupa"]
[Site "?"]
[Date "2014.08.07"]
[Round "1.15"]
[White "Mester, Attila"]
[Black "Ambrus, Bence"]
[Result "1-0"]
[WhiteElo "2006"]
[BlackElo "1623"]
[PlyCount "83"]
[EventDate "2014.08.07"]
[SourceDate "2014.08.07"]

1. e4 e5 2. Nf3 Nc6 3. Bc4 Bc5 4. c3 Nf6 5. d3 O-O 6. Bb3 d5 7. Qe2 Bg4 8. Nbd2
d4 9. h3 dxc3 10. bxc3 Bh5 11. g4 Bg6 12. Nf1 Qe7 13. Bg5 h6 14. Bh4 Nd8 15.
Bg3 Nc6 16. Nh4 Bh7 17. Nf5 Bxf5 18. gxf5 Rad8 19. Bh4 Rd7 20. Rd1 Rfd8 21. Rg1
Kh7 22. Qf3 Ba3 23. Qg2 Rg8 24. Ne3 Qe8 25. Bxf6 gxf6 26. Qxg8+ Qxg8 27. Rxg8
Kxg8 28. Nd5 Be7 29. Ba4 a6 30. Bxc6 bxc6 31. Nxe7+ Rxe7 32. Rb1 Rd7 33. Ke2
Rd8 34. Rb7 Rc8 35. Ra7 Kg7 36. Rxa6 Rb8 37. a4 Rb2+ 38. Ke3 Ra2 39. a5 Ra3 40.
Rxc6 Rxa5 41. Rxc7 Ra3 42. c4 1-0

[Event "V. Art Pub Kupa"]
[Site "?"]
[Date "2014.08.07"]
[Round "1.16"]
[White "Lakatos, Tamas"]
[Black "Gasparics, Akos"]
[Result "0-1"]
[WhiteElo "1555"]
[BlackElo "2002"]
[PlyCount "46"]
[EventDate "2014.08.07"]
[SourceDate "2014.08.07"]

1. e4 e6 2. d4 d5 3. Nc3 Nf6 4. e5 Nfd7 5. f4 c5 6. Nf3 Nc6 7. Be3 Be7 8. Be2
O-O 9. O-O cxd4 10. Bxd4 Nxd4 11. Nxd4 Qb6 12. Na4 Qa5 13. Nc3 Nc5 14. Rf3 Bd7
15. Rg3 f6 16. Bh5 fxe5 17. fxe5 Ne4 18. Nxe4 dxe4 19. Qg4 Qxe5 20. Ne2 Bc5+
21. Kh1 Rf5 22. Rd1 Bc6 23. Nc3 Raf8 0-1

[Event "V. Art Pub Kupa"]
[Site "?"]
[Date "2014.08.07"]
[Round "1.17"]
[White "Schweighoffer, Martin"]
[Black "Papp, Andrea"]
[Result "1/2-1/2"]
[WhiteElo "2000"]
[BlackElo "1548"]
[PlyCount "120"]
[EventDate "2014.08.07"]
[SourceDate "2014.08.07"]

1. e4 e5 2. Nf3 Nc6 3. Bb5 Bc5 4. O-O Qf6 5. d3 h6 6. c3 Nge7 7. Be3 Bb6 8.
Nbd2 O-O 9. Nc4 d6 10. d4 exd4 11. cxd4 Qg6 12. Nxb6 axb6 13. Re1 Bg4 14. a3 f5
15. Qb3+ Kh8 16. Nh4 Qh5 17. Nxf5 Bxf5 18. exf5 Ra5 19. d5 Nxd5 20. Qxd5 Rxf5
21. Qe6 Raxb5 22. Qc8+ Kh7 23. Qxb7 Ne5 24. Bd4 Rb3 25. Qe4 d5 26. Qc2 Nf3+ 27.
gxf3 Rbxf3 28. Qxc7 Qg4+ 29. Kh1 Rxf2 30. Qxg7+ Qxg7 31. Bxg7 Kxg7 32. b4 Kf6
33. Re8 Kf7 34. Re3 Rh5 35. h3 d4 36. Rg3 Re5 37. Kg1 Ree2 38. Rd1 Rf4 39. Rc1
Kf6 40. Rc6+ Kf5 41. Rxb6 Re1+ 42. Kh2 Rff1 43. Rg4 Rh1+ 44. Kg3 Re3+ 45. Kg2
Rexh3 46. Rxd4 R3h2+ 47. Kf3 Rh3+ 48. Kg2 Ke5 49. Rg4 R1h2+ 50. Kf1 Kf5 51. Rg2
Rh1+ 52. Rg1 Rxg1+ 53. Kxg1 Rxa3 54. Rxh6 Rb3 55. b5 Ke5 56. Kf2 Kd5 57. Rh5+
Kd6 58. Ke2 Kc7 59. Rc5+ Kb6 60. Rc8 Rxb5 1/2-1/2

[Event "V. Art Pub Kupa"]
[Site "?"]
[Date "2014.08.07"]
[Round "1.18"]
[White "Pasztor, Bence"]
[Black "Pasztorcsik, Janos"]
[Result "1/2-1/2"]
[WhiteElo "1523"]
[BlackElo "1997"]
[PlyCount "104"]
[EventDate "2014.08.07"]
[SourceDate "2014.08.07"]

1. e4 c5 2. Nc3 Nc6 3. g3 g6 4. Bg2 Bg7 5. d3 e6 6. f4 Nge7 7. Nf3 O-O 8. O-O
d6 9. Be3 Nd4 10. e5 Nef5 11. Bf2 Nxf3+ 12. Bxf3 dxe5 13. fxe5 Bxe5 14. Bxc5
Bd4+ 15. Bxd4 Qxd4+ 16. Rf2 Rb8 17. Rb1 b5 18. Ne4 Bb7 19. c3 Qg7 20. Nc5 Bxf3
21. Qxf3 Rfd8 22. Re1 h5 23. d4 b4 24. Na6 Rb6 25. Nxb4 Nxd4 26. Qe4 Nf5 27.
Nc6 Rd7 28. Ne5 Rdb7 29. Nc4 Rb5 30. a4 Rd5 31. Ne5 Rc7 32. Rf3 Qf8 33. Rd3
Qc5+ 34. Kh1 Rxd3 35. Qxd3 Qd5+ 36. Qe4 Qxe4+ 37. Rxe4 Kf8 38. Kg2 Ke7 39. Kf3
Nd6 40. Rb4 Kf6 41. Nd3 e5 42. Nf2 Ke6 43. h4 f5 44. Ke3 Rc4 45. Nd3 Rxb4 46.
cxb4 Nc4+ 47. Ke2 Kd5 48. b3 Nd6 49. Nc5 Ne4 50. Nxe4 Kxe4 51. b5 Kd4 52. Kd2
e4 1/2-1/2

[Event "V. Art Pub Kupa"]
[Site "?"]
[Date "2014.08.07"]
[Round "1.19"]
[White "Mako, Zoltan"]
[Black "Dibusz, Domonkos"]
[Result "0-1"]
[WhiteElo "1974"]
[BlackElo "1456"]
[PlyCount "92"]
[EventDate "2014.08.07"]
[SourceDate "2014.08.07"]

1. e4 e5 2. d4 exd4 3. c3 d5 4. Qxd4 dxe4 5. Qxd8+ Kxd8 6. Bc4 f5 7. Nh3 Be7 8.
Ng5 Bxg5 9. Bxg5+ Nf6 10. Na3 c6 11. Nc2 Ke7 12. O-O-O Nbd7 13. f3 Ne5 14. fxe4
Nxc4 15. e5 Kf7 16. exf6 gxf6 17. Bf4 Ne5 18. Ne3 Be6 19. Kc2 Rad8 20. b3 Rhg8
21. h3 Bd5 22. Kb2 Be4 23. Ka3 Nd3 24. Bc7 Rc8 25. Bh2 Nf2 26. Nc4 Kg6 27. Nd6
Rcd8 28. Nxe4 Nxd1 29. Nc5 Nxc3 30. Nxb7 Rd2 31. g4 Rxa2+ 32. Kb4 Nd5+ 33. Kc5
Rc2+ 34. Kd6 f4 35. h4 h6 36. b4 Rb8 37. Nc5 Rxb4 38. Ne6 a5 39. h5+ Kf7 40.
Nd8+ Kg7 41. Nxc6 Rb6 42. Kxd5 Rbxc6 43. Bxf4 R2c5+ 44. Kd4 Rc4+ 45. Ke3 Rc3+
46. Ke4 R6c4+ 0-1

[Event "V. Art Pub Kupa"]
[Site "?"]
[Date "2014.08.07"]
[Round "1.20"]
[White "B. Kiss, Tamas"]
[Black "Marta, Dominik"]
[Result "0-1"]
[WhiteElo "1439"]
[BlackElo "1963"]
[PlyCount "59"]
[EventDate "2014.08.07"]
[SourceDate "2014.08.07"]

1. d4 Nf6 2. c4 g6 3. Nc3 Bg7 4. Nf3 O-O 5. Bg5 d6 6. Qd2 Nbd7 7. Bh6 c5 8.
Bxg7 Kxg7 9. dxc5 Nxc5 10. Rd1 a5 11. Nd5 Nce4 12. Qd4 e5 13. Qb6 Qxb6 14. Nxb6
Ra6 15. Nd5 Ng4 16. Rg1 Ngxf2 17. Rc1 Rc6 18. e3 Be6 19. Nc3 Nxc3 20. Kxf2 Nxa2
21. Ra1 Nb4 22. b3 b6 23. g3 b5 24. cxb5 Rc2+ 25. Ke1 Bxb3 26. Rxa5 Rc1+ 27.
Kd2 Rfc8 28. e4 R8c2+ 29. Ke3 Rc3+ 30. Kd2 0-1

[Event "V. Art Pub Kupa"]
[Site "?"]
[Date "2014.08.07"]
[Round "1.21"]
[White "Kokeny, Norbert Adrian"]
[Black "Pasztor, Balazs"]
[Result "1-0"]
[WhiteElo "1916"]
[BlackElo "1410"]
[PlyCount "57"]
[EventDate "2014.08.07"]
[SourceDate "2014.08.07"]

1. d4 d5 2. Nf3 e6 3. e3 Nf6 4. Bd3 Bd6 5. Nbd2 O-O 6. O-O Nbd7 7. c3 b6 8. e4
dxe4 9. Nxe4 Bb7 10. Nxd6 cxd6 11. Bf4 Qe7 12. Re1 Rfe8 13. Qd2 Rad8 14. Nh4
Qf8 15. Bg3 Nh5 16. Re3 Ndf6 17. Bb5 Re7 18. Qe2 Nxg3 19. Rxg3 Ne8 20. Re1 Nc7
21. Nf5 g6 22. Nxe7+ Qxe7 23. f4 a6 24. Bd3 a5 25. f5 Re8 26. fxg6 hxg6 27.
Bxg6 fxg6 28. Rxg6+ Kf7 29. Qh5 1-0

[Event "V. Art Pub Kupa"]
[Site "?"]
[Date "2014.08.07"]
[Round "1.22"]
[White "Karacsonyi, Kata"]
[Black "Bartuszek, Andras"]
[Result "0-1"]
[WhiteElo "1377"]
[BlackElo "1884"]
[PlyCount "104"]
[EventDate "2014.08.07"]
[SourceDate "2014.08.07"]

1. e4 c5 2. Nf3 d6 3. d4 cxd4 4. Nxd4 Nf6 5. Nc3 a6 6. Bc4 e6 7. Bb3 Be7 8. O-O
O-O 9. Be3 b5 10. Qd3 Ng4 11. Bd2 Ne5 12. Qg3 Nbc6 13. Nxc6 Nxc6 14. f4 a5 15.
a4 bxa4 16. Bxa4 Nd4 17. Be3 Bh4 18. Qg4 e5 19. f5 Ba6 20. Rfd1 Rb8 21. Bxd4
exd4 22. Rxd4 Bf6 23. Rd2 Qb6+ 24. Kh1 Qxb2 25. Rad1 Qxc3 26. Rxd6 Bb5 27. Bxb5
Rxb5 28. R6d3 Qxc2 29. R3d2 Qc4 30. Rd6 Qc3 31. R6d3 Qe5 32. Rh3 Rd8 33. Re1
Rb2 34. Qh5 h6 35. Qg4 Kf8 36. Qf3 Ra2 37. Qe3 Ra1 38. Rf3 Rxe1+ 39. Qxe1 Qa1
40. Qxa1 Bxa1 41. h3 Rd1+ 42. Kh2 Be5+ 43. g3 f6 44. Ra3 Ra1 45. Rb3 a4 46. Rb6
a3 47. Ra6 a2 48. h4 Bxg3+ 49. Kg2 Bxh4 50. Ra8+ Ke7 51. Ra6 Bg5 52. Kf2 Rh1
0-1

[Event "V. Art Pub Kupa"]
[Site "?"]
[Date "2014.08.07"]
[Round "1.23"]
[White "Bellan, Istvan"]
[Black "Kratzmajer, Akos Gyorgy"]
[Result "0-1"]
[WhiteElo "1884"]
[BlackElo "1328"]
[PlyCount "82"]
[EventDate "2014.08.07"]
[SourceDate "2014.08.07"]

1. e4 e5 2. Bb5 c6 3. Ba4 Nf6 4. Qe2 Bc5 5. Nf3 d6 6. h3 O-O 7. c3 Re8 8. O-O
b6 9. b4 Ba6 10. d3 b5 11. Bb3 Bb6 12. Be3 Bc7 13. Ng5 d5 14. f4 h6 15. fxe5
Bxe5 16. Nf3 Bc7 17. Nbd2 Bb6 18. Nd4 c5 19. Nf5 c4 20. dxc4 dxc4 21. Bc2 Bxe3+
22. Qxe3 Qb6 23. Nd4 Nc6 24. Rf5 Rad8 25. Rc5 Nxd4 26. cxd4 Nd5 27. Qa3 Nf4 28.
Nf3 Ne2+ 29. Kh2 Nxd4 30. Nxd4 Rxd4 31. e5 Bb7 32. Qe3 Rd5 33. Re1 Rxc5 34.
bxc5 Qc6 35. Re2 Rc8 36. Rd2 Kf8 37. Bf5 Rc7 38. e6 fxe6 39. Bxe6 Qxc5 40. Rf2+
Ke7 41. Qe2 Qd6+ 0-1

[Event "V. Art Pub Kupa"]
[Site "?"]
[Date "2014.08.07"]
[Round "1.24"]
[White "Csajbok, Levente Tamas"]
[Black "Fodor, Balazs"]
[Result "0-1"]
[WhiteElo "1319"]
[BlackElo "1877"]
[PlyCount "60"]
[EventDate "2014.08.07"]
[SourceDate "2014.08.07"]

1. e4 c6 2. d4 d5 3. Nc3 dxe4 4. Nxe4 Nd7 5. Nf3 Ngf6 6. Ng3 e6 7. Bd3 Qc7 8.
O-O Bd6 9. c3 b6 10. Qc2 Bb7 11. Be3 Rd8 12. Rad1 O-O 13. Nd2 c5 14. h3 Bxg3
15. fxg3 Qxg3 16. Nc4 cxd4 17. Bf4 Qh4 18. Bd6 Rfe8 19. Bh2 Bd5 20. Nd6 Rf8 21.
Rf4 Qg5 22. Rxd4 Nc5 23. Nc4 Nxd3 24. R1xd3 Ne4 25. Rd1 b5 26. Ne5 Qe3+ 27. Kh1
Nf2+ 28. Kg1 Nxd1+ 29. Kh1 Nf2+ 30. Kg1 Qe1# 0-1

[Event "V. Art Pub Kupa"]
[Site "?"]
[Date "2014.08.07"]
[Round "1.25"]
[White "Zahonyi-Abel, Mark"]
[Black "Gyenes, Mate"]
[Result "1-0"]
[WhiteElo "1865"]
[BlackElo "1246"]
[PlyCount "57"]
[EventDate "2014.08.07"]
[SourceDate "2014.08.07"]

1. e4 Nf6 2. e5 Nd5 3. d4 d6 4. Nf3 Nb6 5. a4 dxe5 6. Nxe5 c5 7. Bb5+ Bd7 8.
dxc5 Nc8 9. O-O e6 10. Qf3 f6 11. Qh5+ g6 12. Nxg6 hxg6 13. Qxh8 Kf7 14. Qh7+
Bg7 15. Bh6 Qf8 16. Qxg7+ Qxg7 17. Bxg7 Kxg7 18. Bxd7 Nxd7 19. b4 Ne5 20. Nc3
Ne7 21. Rad1 Rh8 22. h3 g5 23. Nb5 g4 24. hxg4 Nxg4 25. Rd7 Kf7 26. Nd6+ Kf8
27. Rd8+ Kg7 28. Rxh8 Kxh8 29. Nxb7 1-0

[Event "V. Art Pub Kupa"]
[Site "?"]
[Date "2014.08.07"]
[Round "1.26"]
[White "Toth, Nikoletta"]
[Black "Veress, Gaspar"]
[Result "1-0"]
[WhiteElo "1193"]
[BlackElo "1857"]
[PlyCount "121"]
[EventDate "2014.08.07"]
[SourceDate "2014.08.07"]

1. e4 c6 2. d4 d5 3. Nc3 dxe4 4. Nxe4 Nd7 5. Nf3 Ngf6 6. Bd3 g6 7. O-O Bg7 8.
Bf4 Nxe4 9. Bxe4 Nf6 10. Re1 Nxe4 11. Rxe4 Bg4 12. Bg5 Be6 13. c3 Qd5 14. Qe2
h6 15. Bd2 Bf6 16. b3 g5 17. c4 Qd8 18. Rc1 Bf5 19. Re3 Bg4 20. d5 Rc8 21. Bc3
Bxc3 22. Rcxc3 cxd5 23. cxd5 Rxc3 24. Rxc3 Qxd5 25. h3 Bxf3 26. Rxf3 e6 27. Rd3
Qc6 28. Qd2 O-O 29. Rc3 Qb6 30. Qc2 Rd8 31. Rc8 Rxc8 32. Qxc8+ Kg7 33. Qc3+ Kg6
34. a4 Qd8 35. b4 Qd1+ 36. Kh2 Qd6+ 37. Kg1 Qd1+ 38. Kh2 Qxa4 39. Qd3+ Kg7 40.
Qc3+ Kg6 41. Qd3+ f5 42. b5 Qf4+ 43. Kg1 Qc1+ 44. Kh2 Qc7+ 45. Kg1 b6 46. Qe3
Qd7 47. Qe2 Qd5 48. Kh1 h5 49. Kg1 g4 50. h4 f4 51. Qc2+ Qf5 52. Qc6 g3 53. Kf1
Qb1+ 54. Ke2 Qa2+ 55. Kd3 Qd5+ 56. Qxd5 exd5 57. fxg3 fxg3 58. Kd4 Kf5 59. Kxd5
Kg4 60. Ke4 Kxh4 61. Kf4 1-0

[Event "V. Art Pub Kupa"]
[Site "?"]
[Date "2014.08.08"]
[Round "2.1"]
[White "Gasparics, Akos"]
[Black "Juhasz, Mark"]
[Result "1/2-1/2"]
[WhiteElo "2002"]
[BlackElo "2210"]
[PlyCount "35"]
[EventDate "2014.08.07"]
[SourceDate "2014.08.07"]

1. e4 c5 2. c3 d6 3. d4 Nf6 4. Bd3 Nc6 5. Ne2 g6 6. O-O Bg7 7. Na3 O-O 8. h3 a6
9. Be3 Qc7 10. Rc1 b6 11. f4 e6 12. Ng3 Bb7 13. Qd2 Rae8 14. Qe2 Nb8 15. e5 Nd5
16. Nc4 Qc6 17. Bd2 Rd8 18. Ne4 1/2-1/2